| 000 | 00000nam 2200000za 4500 |
| 001 | 9.800455 |
| 003 | CaOODSP |
| 005 | 20250506145325 |
| 007 | cr ||||||||||| |
| 008 | 150505t19901988xxc |s f000 0 eng d |
| 020 | |z0-662-15952-7 |
| 040 | |aCaOODSP|beng |
| 043 | |an-cn--- |
| 086 | 1 |aA63-1821/1988E-PDF |
| 245 | 00|aRecommended code of practice for the care and handling of special fed veal calves |h[electronic resource] / |c[coordinated by the Canadian Federation of Humane Societies]. |
| 260 | |aOttawa :|bAgriculture Canada,|c1990, c1988. |
| 300 | |a43 p. : |btables. |
| 500 | |aHistorical publication digitized in 2012 by Agriculture and Agri-Food Canada. |
| 500 | |aAlso available in French under title: Code de pratiques recommandées pour l'entretien des veaux préruminants de boucherie. |
| 692 | 07|2gccst|aBeef cattle |
| 692 | 07|2gccst|aAnimal husbandry |
| 710 | 2 |aCanadian Federation of Humane Societies. |
| 710 | 1 |aCanada.|bAgriculture Canada. |
| 775 | 08|tCode de pratiques recommandées pour l'entretien des veaux préruminants de boucherie |w(CaOODSP)9.800457 |
| 856 | 40|qPDF|s2.39 MB|uhttps://publications.gc.ca/collections/collection_2015/aac-aafc/A63-1821-1988-eng.pdf |
| 986 | |aPublication 1821/E |